Estudio de factibilidad de instalar una planta industrial para la fabricación de cal viva y cal apagada
Guardado en:
| Autor principal: | |
|---|---|
| Formato: | Desconocido |
| Publicado: |
[San José, Costa Rica]
1981
|
| Materias: | |
| Etiquetas: |
Agregar Etiqueta
Sin Etiquetas, Sea el primero en etiquetar este registro!
|
MARC
| LEADER | 00000 a2200000 4500 | ||
|---|---|---|---|
| 003 | 000801 | ||
| 005 | 20221231143740.0 | ||
| 008 | 140114s1981 cr a m 000 ||s d | ||
| 040 | |c cru CEDI | ||
| 090 | |a TFG 954 | ||
| 100 | |a Boza Sauma, Andrés |9 15998 | ||
| 245 | |a Estudio de factibilidad de instalar una planta industrial para la fabricación de cal viva y cal apagada | ||
| 260 | |c 1981 |a [San José, Costa Rica] | ||
| 300 | |a 114 hojas : ilustraciones (1 plegables) ; 28 cm | ||
| 500 | |a Proyecto de graduación(licenciatura en ingeniería química)--Universidad de Costa Rica. Facultad de Ingeniera̕. Escuela de Ingeniería Química | ||
| 650 | |x CAL |x CAL - INDUSTRIA Y COMERCIO |9 15997 | ||
| 942 | |c TFG | ||
| 999 | |c 11224 |d 11224 | ||
